| 000 | 00681nam a22002297a 4500 | ||
|---|---|---|---|
| 005 | 20170124110114.0 | ||
| 010 | _aA-117986 | ||
| 020 | _c00.00 | ||
| 035 | _aA-117986 | ||
| 037 | _bCen Lib/Ret | ||
| 040 |
_aDPL _bEN |
||
| 082 |
_a915.47 _bTOY |
||
| 100 |
_aToynbee, Arnold J. _929645 |
||
| 245 |
_aBetween Oxus and Jumna / _cby Arnold J. Toynbee |
||
| 260 |
_aLondon _bOxford University Press _c1961 |
||
| 270 |
_bLondon _aAmen House |
||
| 300 |
_axii,202p. _c21cm(Hb) |
||
| 500 | _aIncludes index | ||
| 650 |
_aPakistan -- Description and travel _929646 |
||
| 650 |
_aAfghanistan -- Description and travel _929647 |
||
| 942 |
_2ddc _cEN _h915.47 _mTOY |
||
| 999 |
_c130609 _d130609 |
||